00591nam a2200205Ia 4500003000400000005001700004008004100021040001800062041000800080082001600088100001900104245005500123250001200178260005200190300002700242650002400269650004200293650002700335650002300362OSt20240430092722.0210716s2008 xx 000 0 und d cAIMIT LIBRARY aeng a005.73 AGAU aAgarwal, Udit. aAlgorithms design and analysis./cby Udit Agarwal. a1st ed. aNew Delhi :bDhanpat Rai and Co (P) Ltd,c2008. axv,490 p.;bPBc25 cm. aGrowth of functions aAnalysis of simple sorting algorithms aSorting in linear time aBinary search tree